000 00322nam a22001337a 4500
008 171018b xxu||||| |||| 00| 0 eng d
020 _a9780131861350
041 _aeng
080 _23 ED
_a338
100 _a53
101 _aMEN
245 _aMAKING THE TEAM A GUIDE FOR MANAGERS
_cTHOMPSON.L.L
942 _2udc
_cBK
999 _c34728
_d34728